[Event "CZE-chTJ 0001"]
[Site "Czech Republic"]
[Date "2001.??.??"]
[Round "8"]
[White "Holub, Milan"]
[Black "Kupka, Ondrej"]
[Result "1-0"]
[WhiteElo "2130"]
[BlackElo "1680"]
[PlyCount "45"]
[EventDate "2000.??.??"]
[EventType "team"]
[EventRounds "11"]
[EventCountry "CZE"]
[SourceTitle "EXT 2003"]
[Source "ChessBase"]
[SourceDate "2002.11.25"]
[SourceVersion "1"]
[SourceVersionDate "2002.11.25"]
[SourceQuality "1"]

1. Nf3 d5 2. d4 Nf6 3. Bf4 e6 4. Nbd2 c5 5. e3 Nc6 6. c3 Nh5 7. Bg5 Be7 8. Bxe7 Qxe7 9. Ne5 Nxe5 10. dxe5 g6 11. Qf3 Bd7 12. g4 Bc6 13. gxh5 d4 14. e4 dxc3 15. Qxc3 0-0-0 16. 0-0-0 b6 17. Qf3 Rhf8 18. Qf6 Qd7 19. Ba6+ Kb8 20. Nc4 Qc7 21. Rxd8+ Rxd8 22. Nd6 Rf8 23. Rd1 1-0